| 000 | 00673nam a2200217Ii 4500 | ||
|---|---|---|---|
| 001 | 15987 | ||
| 003 | CO-ViMGA | ||
| 008 | 241108s9999||||xx |||||||||||||| ||und|| | ||
| 020 | _a9789588294810 | ||
| 040 |
_aCO-ViMGA _bspa _erda _cCO-ViMGA |
||
| 041 | 0 | _aspa | |
| 084 | _aN APA1m | ||
| 100 | 1 |
_aArturo Aparicio Laserna _945017 |
|
| 245 | 1 | 0 |
_aMar de sangre : _bmemorias de Cartagena |
| 264 | 1 | _aBogotá, Colombia : Barcelona, Ediciones B, [Fecha de publicación no identificada] | |
| 300 | _avolumen | ||
| 336 |
_atext _btxt _2rdacontent |
||
| 337 |
_aunmediated _bn _2rdamedia |
||
| 338 |
_avolume _bnc _2rdacarrier |
||
| 940 | _aidficha_siabuc: 15670. -- ficha_no_siabuc:15987 | ||
| 999 |
_c39499 _d39499 |
||